Industrial´nyje sanitarno-techničeskije sistemy.

Uložené v:
Podrobná bibliografia
Hlavný autor: Akopian, Drastomat Vartanovič
Médium: Kniha
Jazyk:Russian
Vydané: Leningrad : Strojizdat, 1971.
Fyzický popis: 167 strán.
Tagy: Pridať tag
Žiadne tagy, Buďte prvý kto otaguje tento záznam!

MARC

LEADER 00000nam a22000002i 4500
001 000664310
005 20210602105143.0
008 210602s1971 ru e 000 0 rus d
020 |c Kčs 7,00  |q (brožované) 
040 |a SVKKK  |b slo  |c SVKKK  |e rda 
100 1 |a Akopian, Drastomat Vartanovič 
245 1 0 |a Industrial´nyje sanitarno-techničeskije sistemy. 
264 1 |a Leningrad :  |b Strojizdat,  |c 1971. 
300 |a 167 strán. 
336 |a text  |b txt  |2 rdacontent 
337 |a bez média  |b n  |2 rdamedia 
338 |a zväzok  |b nc  |2 rdacarrier 
500 |a Záznam revízie 
910 |a svkkk 
998 |a BK 
090 |g SCKHL  |k Sklad Pribinova 2. posch.  |a III.102120  |j 449957  |i 2720785070  |4 Zastaraná  |s Vyradená